| 000 | 01010nam a22002417a 4500 | ||
|---|---|---|---|
| 001 | 81241 | ||
| 003 | BD-RjUL | ||
| 005 | 20231116122731.0 | ||
| 008 | 230215s2013 bg a|||| m||| 00| 0 eng d | ||
| 035 | _a(BD-RjUL)81241 | ||
| 040 |
_aBD-RjUL _beng _cBD-RjUL _dBD-RjUL |
||
| 041 | _aeng | ||
| 082 |
_223 _a631.5585492 _bNAE 2013 |
||
| 100 |
_aNaher, Mst. Noor Akter _97022 |
||
| 245 | 1 | 0 |
_aEffect of nutrient management on growth, yield and yield components of selective vegetable crops in calcareous soils of Bangladesh / _cBy Mst. Noor Akter Naher ; _6Supervisor : Md. Nurul Alam. |
| 260 |
_aRajshahi : _bDepartment of Crop Science and Technology, University of Rajshahi, _c2013. |
||
| 300 |
_axv, 145 leaves : _bill, ; _c29.cm. |
||
| 502 | _aThesis (Ph. D.) -- Department of Crop Science and Technology, University of Rajshahi, 2013 | ||
| 504 | _aReferences : Leaves 111 - 126 | ||
| 650 |
_aYields _vSpecific techniques _zBangladesh _97023 |
||
| 700 |
_aAlam, Md. Nurul, Supervisor _94965 |
||
| 942 |
_2ddc _cTHE |
||
| 999 |
_c81241 _d81241 |
||